000 00366cam a2200145ua 4500
041 _aeng
_h
082 _a828.09
_bRIC/SP
100 _aRichards, IA .
245 _aSpeculative instruments /
_cI A Richards.
_hTextual Documents
260 _aLondon :
_bRoutledge & Kegan Paul Ltd ,
_c1955.
300 _a216 ; .
504 _a
942 _cBK
999 _c5311
_d5311